Statistics for Historical Timeline of Poland

Click here to take the quiz!

General Stats

  • This quiz has been taken 131 times
  • The average score is 16 of 21

Answer Stats

YearHintAnswer% Correct
1025Kingdom of P_____Kingdom of Poland
100%
1815Congress P_____Congress Poland
99%
1989P_____Poland
99%
1944P_____ People's RepublicPolish People's Republic
92%
1918Second P_____ RepublicSecond Polish Republic
92%
1807Duchy of W_____Duchy of Warsaw
83%
1138Duchy of Si_____Duchy of Silesia
82%
1525Duchy of Pr_____Duchy of Prussia
81%
Duchies of Si_____Duchies of Silesia
81%
1701Kingdom of P______Kingdom of Prussia
80%
1871G_____ EmpireGerman Empire
79%
1569P_____-L_________ CommonwealthPolish-Lithuanian Commonwealth
77%
1867R_____Russia
75%
Duchy of Pom______Duchy of Pomerania
70%
H_______ MonarchyHabsburg Monarchy
68%
1230State of the T_______ OrderState of the Teutonic Order
64%
1919W_____ RepublicWeimar Republic
61%
1772Kingdom of Ga_____ and LodomeriaKingdom of Galicia and Lodomeria
60%
1939N___ G______Nazi Germany
58%
Margraviate of Br_________Margraviate of Brandenburg
53%
Br_________-Pr_____Brandenburg-Prussia
34%

Score Distribution

Percentile by Number Answered

Percent of People with Each Score

Your Score History

You have not taken this quiz